000 008710000a22002050004500
020 _a0-8254-1559-4
041 0 _aSPA
082 0 4 _aG 254.1 M1161a
100 1 _aMacArthur Jr., John F. (1939-)
245 1 0 _a¿A quién pertenece el dinero? : Una guía bíblica sobre cómo usar las riquezas de Dios / John MacArthur
260 _aGrand Rapids, MI : Portavoz
300 _a206 Pág.
505 0 0 _a- La moralidad del dinero - Pautas y amonestaciones sobre el dinero - Elementos fundamentales de la administración bíblica - El modelo bíblico de la dádiva - ¿Diezmo o dádiva voluntaria? - El verdadero camino de la prosperidad - Apéndice: La fantasía seductora del juego
650 1 4 _aMAYORDOMÍA CRISTIANA
001 13734
942 _cBK
999 _c42679
_d42679
336 _atexto
_btxt
_2rdacontent
337 _2rdamedia
_asin mediación
_bn
338 _2rdacarrier
_avolumen
_bnc